000 00848 a2200277 4500
001 200002912
003 TR-AnTOB
005 20251230152353.0
008 110129b2010 tu 000 0
040 _aTR-AnTOB
_beng
_erda
_cTR-AnTOB
_dTR-AnTOB
041 0 _atur
050 0 0 _aPL248.B89
_bY6 2010
090 _aPL248 .B89
_bY6 2010
100 1 _aBüyükarkın, Bekir
_972724
_eauthor
245 1 0 _aYoldaki adam /
_cBekir Büyükarkın.
264 1 _aIstanbul:
_bÖtüken Neşriyat,
_c2010.
300 _a56 pages ;
_c21 cm
336 _2rdacontent
_atext
_btxt
337 _2rdamedia
_aunmediated
_bn
338 _2rdacarrier
_avolume
_bnc
490 0 _aÖtüken Neşriyat ;
_v816
_aEdebi Eserler ;
_v345
650 0 _aTurkish fiction
_97165
650 0 7 _aTürk romanı
_2etuturkob
_99421
942 _cBK
_2lcc
999 _c200002912
_d18188